000 00683nam a22001817a 4500
005 20251108173057.0
008 250721s2004 xx 000 0 ara d
082 1 4 _a341.07/حجا
100 1 _aحجازي، عبد الفتاح بيومي
245 1 0 _aمقدمة في التجارة الإلكترونية العربية: شرح قانون المبادلات والتجارة الإلكتروني التونسي /
264 1 _aالإسكندرية :
_bدار الفكر الجامعي،
_c2004.
300 _a338ص.
650 1 7 _aالقانون التجاري
650 1 7 _aالتجارة الإلكترونية
650 1 7 _aتونس
942 _2ddc
_cBK
999 _c95509
_d95509